| 000 | 00652nam a2200253Ia 4500 | ||
|---|---|---|---|
| 005 | 20251020182447.0 | ||
| 008 | 200515s9999 xx 000 0 und d | ||
| 020 | _a978-958-8692-06-7 | ||
| 082 | _a556.15/S52 | ||
| 100 | _aSierra Ramírez, Carlos Alberto | ||
| 245 | 0 | _aCalidad del agua : Evaluación y diagnóstico | |
| 250 | _a1a ed. | ||
| 260 | _aBogotá, D.C. | ||
| 260 | _bUniversidad de Medellín ; Ediciones de la U | ||
| 260 | _c2011 | ||
| 300 | _a457 p. | ||
| 300 | _bil., tbl., graf., map. | ||
| 500 | _a1 ejemplar | ||
| 650 | _aAGUA | ||
| 650 | _aCALIDAD DEL AGUA | ||
| 650 | _aHIDROLOGIA | ||
| 942 | _cLIB | ||
| 999 |
_c727 _d727 |
||